EU:n rajanaapurit - Statistics

Yleistilastot
  • Tätä visaa on pelattu 1 953 kertaa
  • Keskiarvotulos 14 / 21
Vastaustilastot
km Valtio % Oikein
2257 Venäjä
99%
446 Turkki
95%
1257 Ukraina
82%
2348 Norja
80%
1050 Valko-Venäjä
79%
499 Yhdistynyt kuningaskunta
76%
1811 Sveitsi
75%
945 Serbia
73%
3 Vatikaanivaltio
69%
450 Moldova
67%
39 San Marino
66%
282 Albania
65%
120 Andorra
65%
4 Monaco
64%
35 Liechtenstein
63%
932 Bosnia ja Hertsegovina
62%
394 Pohjois-Makedonia
62%
16 Marokko
61%
25 Montenegro
59%
673 Brasilia
44%
510 Suriname
39%
Ehtoja vastaavia visoja ei löytynyt
Tulosjakauma
Jokaisen tuloksen saaneiden osuus
Persentiili vastausten määrän mukaan
Tuloshistoriasi
Et ole pelannut tätä visaa